Представление документа в формате RUSMARC

ПолеНазваниеЗначение
  Тип записи a
  Библиографический уровень c
001 Контрольный номер RU/SLIB/B/208752023
005 Дата корректировки 20201206204135.6
010 Индекс ISBN __
d Цена 0-41
101 Язык документа __
a Язык текста rus
200 Заглавие и сведения об ответственности 1_
a Заглавие Всегда ты хороша
e Сведения, относящиеся к заглавию репертуар. сб.
f Первые сведения об ответственности ред. Е. А. Карасев
b Общее обозначение материала Текст
210 Выходные данные __
a Место издания М.
c Издательство Воениздат
d Дата издания 1975
215 Физическое описание __
a Объем 127 с.
c Иллюстрации/тип воспроизводства нот. ил.
330 Аннотация __
a Аннотация В сборник, посвященный нашим замечательным женщинам, вошли произведения различных жанров.
606 Тематические рубрики __
a Основная рубрика Художественная самодеятельность
z Хронологическая подрубрика 20 в.
y Географическая подрубрика Россия
606 Тематические рубрики __
a Основная рубрика Художественная самодеятельность в целом
610 Ключевые слова __
a Ключевые слова драматургия; юмор; юморески; песни; хореография; тема женщины
686 Индексы других классификаций __
a Классификационный индекс 85.79
702 Вторичная интеллектуальная ответственность __
a Фамилия Карасев
b Имя Е. А.
4 Код отношения Редактор
801 Источник записи _0
a Страна RU
b Организация Муниципальное бюджетное учреждение культуры "Централизованная библиотечная система" г. Сургут (Центральная городская библиотека им. А. С. Пушкина)
g Правила каталогизации КиК/Михайлова; КиК/Лебедева
801 Источник записи _1
a Страна RU
b Организация Муниципальное бюджетное учреждение культуры "Централизованная библиотечная система" г. Сургут (Центральная городская библиотека им. А. С. Пушкина)
g Правила каталогизации КиК/Михайлова; КиК/Лебедева
852 Данные о местонахождении __
j Шифр хранения 85.79
c Каталожный индекс 85.79
i Авторский знак В 84
p Инвентарный номер 46644(с); 47814(с)
901 Тип документа __
t Тип документа x
903 Характеристики (МАРС) __
a Дата передачи 20060419
969 Тип издания __
a Тип издания сборник
990 Данные о заказе (DOS) __
j Количество экземпляров (DOS) 2
t N записи в КСУ для И/У (DOS) ретро